000 00962nas a2200325 4500
001 BR2016004429
003 BR-BrBNA
005 20231205130746.0
007 ta
008 230509b bl.|||p| |||| 00| 00por d
040 _aBR-BrBNA
_bpor
_cBiblioteca Nacional de Agricultura
041 _a(En)
072 _aF61; F60
100 1 _aMauad, M.
100 1 _aCrusciol, C.A.C.
100 1 _aNascente, A.S.
100 1 _aGrassi Filho, H.
100 1 _aLima, G.P.P.
245 1 _aEffects of silicon and drought stress on biochemical characteristics of leaves of upland rice cultivars
650 _aARROZ
650 _aFOLHA
650 _aANÁLISE FOLIAR
650 _aBIOQUÍMICA VEGETAL
650 _aSILÍCIO
650 _aDEFICIÊNCIA HÍDRICA
650 _aSTRESS
773 0 _tRevista Ciência Agronômica (Brazil)
_xISSN 0045-6888
_g, v. 47(3) p. 532-539
_wBR2016004429
909 _a202311
_bLúcia
_c55
_dLúcia Elande
942 _2AGRIS
_n0
_cANA
999 _c251059
_d251059